The pentecostal reality. (Record no. 14166)

000 -LEADER
fixed length control field 00809nam a2200205 a 4500
001 - CONTROL NUMBER
control field :::00011990$&:&@@
003 - CONTROL NUMBER IDENTIFIER
control field OkBaRHE
005 - DATE AND TIME OF LATEST TRANSACTION
control field 20110309112821.0
008 - FIXED-LENGTH DATA ELEMENTS--GENERAL INFORMATION
fixed length control field s1972 j 000 0 eng u
040 ## - CATALOGING SOURCE
Transcribing agency
100 1# - MAIN ENTRY--PERSONAL NAME
Personal name Williams, J. Rodman (John Rodman).
245 14 - TITLE STATEMENT
Title The pentecostal reality.
260 ## - PUBLICATION, DISTRIBUTION, ETC. (IMPRINT)
Place of publication, distribution, etc Plainfield, NJ., :
Name of publisher, distributor, etc Logos International
Date of publication, distribution, etc c1972
300 ## - PHYSICAL DESCRIPTION
Extent 109 p. : illus. ;
Dimensions 21 cm.
650 ## - SUBJECT ADDED ENTRY--TOPICAL TERM
Topical term or geographic name as entry element Pentecostalism
942 ## - ADDED ENTRY ELEMENTS (KOHA)
Source of classification or shelving scheme
Koha item type Books
Copies
Lost status Total Checkouts Withdrawn status Shelving location Barcode Damaged status Koha item type Current Location Date checked out Date last seen Total Renewals Permanent Location Copy number Full call number Not for loan Date acquired Source of classification or shelving scheme Price effective from
   General Stacks16442 Books  2010-04-14 RHEMA Bible Training College2BX 8763 .W5 2010-04-14 2010-04-14
   General Stacks16443 Books  2010-04-14 RHEMA Bible Training College3BX 8763 .W5 2010-04-14 2010-04-14
 1 General Stacks11990 BooksRHEMA Bible Training College2011-02-162011-03-093RHEMA Bible Training College1BX 8763 .W5 2010-04-14 2010-04-14